Score 0/18 Timer 06:00
0 Plays Today
% Correct
Nile
97.8%
Sphinx
89%
Scarab
82.9%
Heart
81.8%
Papyrus
79.1%
Pharaohs
77.1%
Hieroglyphs
75.2%
Ra
74.1%
Kings
71.8%
% Correct
Polytheism
70.4%
Anubis
70.4%
Atum, Isis, Osiris, etc.
68.4%
Griffin
64.9%
Ankh
61.5%
Sarcophagus
60.2%
Ibis
52.3%
Snake
42.4%
Bast, Sekhmet, Tefnut, etc.
40.4%
Remove Ads.
Support Sporcle.
Get the best of Sporcle when you Go Orange. This ad-free experience offers more features, more stats, and more fun while also helping to support Sporcle. Thank you for becoming a member.

You're not logged in!

Compare scores with friends on all Sporcle quizzes.
OR
Log In

Sporcle TV

Today on Sporcle TV


Watch our educational content, quiz creation guides, and fun videos on Sporcle TV.

Show Comments

Extras

Top Quizzes Today


Score Distribution

Paid Content

Your Account Isn't Verified!

In order to create a playlist on Sporcle, you need to verify the email address you used during registration. Go to your Sporcle Settings to finish the process.

Report this User

Report this user for behavior that violates our Community Guidelines.

Details: